All Clash of Clans buildings (home village) - Statistics

General Stats
  • This quiz has been taken 38 times
  • The average score is 37 of 51
Answer Stats
Hint Buildings % Correct
Defensive Building Archer Tower
100%
Defensive Building Cannon
100%
Defensive Building, Trap Bomb
97%
Defensive Building Wizard Tower
94%
Resource Building Gold Mine
91%
Defensive Building Mortar
91%
Army Building Army Camp
88%
Army Building Barracks
88%
Resource Building Dark Elixir Drill
88%
Defensive Building Eagle Artillery
88%
Resource Building Elixir Collector
88%
Resource Building Gold Storage
88%
Defensive Building Inferno Tower
88%
Defensive Building Monolith
88%
Defensive Building, Trap Spring Trap
88%
Defensive Building Town Hall
88%
Resource Building Town Hall
88%
Defensive Building Air Defense
84%
Army Building Dark Barracks
84%
Resource Building Elixir Storage
84%
Defensive Building, Trap Tornado Trap
84%
Defensive Building, Trap Air Bomb
81%
Defensive Building X-Bow
81%
Defensive Building Bomb Tower
78%
Resource Building Dark Elixir Storage
78%
Army Building Hero Hall
78%
Defensive Building Scattershot
78%
Army Building Spell Factory
78%
Defensive Building, Trap Giant Bomb
75%
Defensive Building Hidden Tesla
75%
Defensive Building, Trap Seeking Air Mine
75%
Resource Building Clan Castle
72%
Army Building Dark Spell Factory
72%
Defensive Building Wall
69%
Defensive Building Air Sweeper
66%
Defensive Building Spell Tower
66%
Defensive Building Builder's Hut
63%
Other Building Builder's Hut
63%
Army Building Pet House
63%
Defensive Building, Trap Skeleton Trap
63%
Army Building Blacksmith
59%
Defensive Building Multi-Archer Tower
56%
Defensive Building Ricochet Cannon
50%
Army Building Workshop
44%
Defensive Building, Trap Giga Bomb
41%
Other Building Helper Hut
41%
Defensive Building Multi-Gear Tower
41%
Defensive Building Firespitter
31%
Other Building B.O.B's Hut
19%
Defensive Building Crafting Station
19%
Army Building Hero Banner
9%
No matching quizzes found
Score Distribution
Percent of People with Each Score
Percentile by Number Answered
Your Score History
You have not taken this quiz